000 01327nam2a22002531 4500
001 rc\3374387
005 20250609230523.0
021 _aRU
_b[76-2536]
035 _a(NLR Aleph) 007544113
090 _a9780586
_c9780586
100 _a20130115d1974 |||y0rusy50 ca
101 0 _arus
102 _aRU
105 _aa z |||||
200 0 _aВып. 1
210 _d1974
_aБ. м.
215 _a333 с.
_cил.
461 0 _1001rc\3374386
_12001#$aАрмянская литература$e(Биобиблиогр. указ.)$e[В 2 вып.]$fСост. Н.А. Адамян, Е.М. Нерсисян[!], Н.[!]К. Хоецян$gРед. канд. филол. наук В.М. Мнацаканян$gМ-во культуры АрмССР, Гос. респ. б-ка им. Ал. Мясникяна, Отд. науч. библиогр. и справ. работ$vВып. 1
_1700#1$aАдамян$bН.А.$gНазик Адамовна$4220
_99780581
_aАдамян, Н.А.
_cЕреван
_d1974-
_fСост. Н.А. Адамян, Е.М. Нерсисян[!], Н.[!]К. Хоецян
_nБ. и.
_o(Биобиблиогр. указ.) : [В 2 вып.]
_tАрмянская литература
_vВып. 1
801 0 _aRU
_bNLR
_gpsbo
801 1 _aRU
_bELAR
_2rusmarc
852 _aNLR
_jс945Арм-420/А-83
942 _cBOOK
980 _aNB